000 00784nam a2200253Ia 4500
001 Para_7594
003 CHAP
008 220125s1998 xx 000 0 und d
010 _a206508
040 _cCHAP
090 _aPA FOLLETO 3504
110 _aIAEA Department of research and isotopes
_9172804
245 _aBuilding a better future :
_b contributions of nuclear science and technology /
_c IAEA Department of resesearch and isotopes
260 _aVienna, Austria :
_b IAEA Department of resesearch and isotopes
300 _a58 p.
650 _aInocuidad alimentaria
_958836
901 _aPA FOLLETO 3504
902 _aA
905 _a0000001998 d 0000000000 00
910 _a1998
942 _cPARA
942 _cPARA
_d1
999 _c206508
_d206508